All The Levels In Bonelab - Statistics

General Stats
  • This quiz has been taken 43 times
  • The average score is 13 of 32
Answer Stats
Level Type Level Name % Correct
Campaign 01 - Descent
77%
Campaign 02 - BONELAB Hub
73%
Campaign 03 - Longrun
67%
Campaign/Tac Trial 06 - Street Puncher
63%
Title 00- Main Menu
60%
Campaign 04 - Mine Dive
57%
Campaign 05 - Big Anomoly
57%
Campaign/Arena 08 - Magma Gate
57%
Campaign 13 - Ascent
57%
Sandbox Halfway Park
53%
Campaign/Sandbox 09 - Moon Base
50%
Canpaign 14 - Home
50%
Sandbox Tuscany
50%
Campaign 12 - Big Anomoly B
43%
Campaign/Parkour 07 - Sprint Bridge 04
40%
Campaign/Mod 10 - Monogon Motorway
40%
Campaign/Experimental 11 - Pillar Climb
40%
Sandbox Museum Basement
40%
Parkour Rooftops
37%
Experimental Mirror
33%
Arena Fantasy Arena
30%
Tac Trial Drop Pit
27%
Sandbox Gun Range
27%
Title 15 - Void G114
23%
Experimental Big Bone Bowling
23%
Arena Container Yard
23%
Parkour Neon District Parkour
17%
Arena Tunnel Tipper
17%
Sandbox HoloChamber
13%
Tac Trial Neon District Tac Trial
13%
Parkour Dungeon Warrior
10%
Experimental Baseline
3%
No matching quizzes found
Score Distribution
Percent of People with Each Score
Percentile by Number Answered
Your Score History
You have not taken this quiz